|
|
|
|
| LEADER |
02829nam a2200661 a 4500 |
| 001 |
nkc20081822102 |
| 003 |
CZ PrNK |
| 005 |
20090130083506.0 |
| 007 |
ta |
| 008 |
081106s2008 xr acfhf 001 0 cze |
| 015 |
|
|
|a cnb001822102
|
| 020 |
|
|
|a 978-80-7331-130-8
|q (brož.)
|
| 035 |
|
|
|a (OCoLC)316298797
|
| 040 |
|
|
|a ABA001
|b cze
|d BOA001
|
| 041 |
1 |
|
|a cze
|a eng
|b eng
|h cze
|
| 043 |
|
|
|a ec-----
|
| 045 |
|
|
|a u5v5
|
| 072 |
|
7 |
|a 792
|x Divadlo. Divadelní představení
|2 Konspekt
|9 3
|
| 080 |
|
|
|a 792.83
|2 MRF
|
| 080 |
|
|
|a 793.32:792.82
|2 MRF
|
| 080 |
|
|
|a 793.3(091)
|2 MRF
|
| 080 |
|
|
|a 793.32:792.82(091)
|2 MRF
|
| 080 |
|
|
|a 792.5
|2 MRF
|
| 080 |
|
|
|a 792.034.7
|2 MRF
|
| 080 |
|
|
|a (4-191.2)
|2 MRF
|
| 080 |
|
|
|a (048.8)
|2 MRF
|
| 100 |
1 |
|
|a Kazárová, Helena,
|d 1959-
|7 mzk2005279513
|4 aut
|
| 245 |
1 |
0 |
|a Barokní balet ve střední Evropě /
|c Helena Kazárová
|
| 250 |
|
|
|a 1. vyd.
|
| 260 |
|
|
|a V Praze :
|b Akademie múzických umění,
|c 2008
|
| 300 |
|
|
|a 179 s., xxiv s. obr. příl. :
|b il. (některé barev.), portréty, faksim. ;
|c 24 cm
|
| 500 |
|
|
|a V prelimináriích: Akademie múzických umění v Praze, Hudební fakulta, katedra tance
|
| 500 |
|
|
|a Terminologický slovník
|
| 504 |
|
|
|a Obsahuje bibliografii, bibliografické odkazy a rejstřík
|
| 546 |
|
|
|a Část. souběžný anglický text, anglické resumé
|
| 648 |
|
4 |
|a 1650-1750
|
| 650 |
0 |
7 |
|a scénický tanec
|7 ph125444
|z Evropa střední
|y 17.-18. století
|2 czenas
|
| 650 |
0 |
7 |
|a balet
|7 ph118732
|z Evropa střední
|y 17.-18. století
|2 czenas
|
| 650 |
0 |
7 |
|a dějiny tance
|7 ph489378
|z Evropa střední
|2 czenas
|
| 650 |
0 |
7 |
|a dějiny baletu
|7 ph489385
|z Evropa střední
|2 czenas
|
| 650 |
0 |
7 |
|a hudební divadlo
|7 ph120899
|z Evropa střední
|y 17.-18. století
|2 czenas
|
| 650 |
0 |
7 |
|a barokní divadlo
|7 ph382376
|z Evropa střední
|2 czenas
|
| 650 |
0 |
9 |
|a scenic dance
|z Europe, Central
|y 17th-18th centuries
|2 eczenas
|
| 650 |
0 |
9 |
|a ballet
|z Europe, Central
|y 17th-18th centuries
|2 eczenas
|
| 650 |
0 |
9 |
|a history of dance
|z Europe, Central
|2 eczenas
|
| 650 |
0 |
9 |
|a history of ballet
|z Europe, Central
|2 eczenas
|
| 650 |
0 |
9 |
|a music theater
|z Europe, Central
|y 17th-18th centuries
|2 eczenas
|
| 650 |
0 |
9 |
|a baroque theater
|z Europe, Central
|2 eczenas
|
| 655 |
|
7 |
|a monografie
|7 fd132842
|2 czenas
|
| 655 |
|
9 |
|a monographs
|2 eczenas
|
| 710 |
2 |
|
|a Akademie múzických umění v Praze.
|b Katedra tance
|7 ko2002102811
|
| 856 |
4 |
1 |
|u http://www.digitalniknihovna.cz/mzk/uuid/uuid:180f1780-7ea6-11e3-b80c-005056827e51
|y Digitalizovaný dokument
|x NDK
|
| 910 |
2 |
|
|a BOA001
|b 2-1213.171
|
| 990 |
|
|
|a BK
|
| 995 |
|
|
|a 01
|
| 991 |
|
|
|b 200811
|c NOV
|
| 996 |
6 |
|
|b 2610359017
|c 2-1213.171
|l MZK
|r Sklad / do 1 hodiny
|n 3
|p p.v.
|w 000919268
|u 000010
|a 1
|e BOA001
|j MZK50
|s P
|
| 996 |
7 |
|
|b 2610362681
|c 2-1213.171
|l MZK
|r Sklad / do 1 hodiny
|n 11
|p kup
|w 000919268
|u 000020
|a 1
|e BOA001
|j MZK50
|s A
|